Discurso del doctor Ezequiel María González leído en el Ateneo de Caracas en la sesión... del 24 de julio de 1894. (Record no. 154531)

MARC details
000 -LEADER
campo de control de longitud fija 00798nam a22001935i 4500
001 - NÚMERO DE CONTROL
campo de control 154531
003 - IDENTIFICADOR DE NÚMERO DE CONTROL
campo de control ES-MaACL
005 - FECHA Y HORA DE LA ÚLTIMA TRANSACCIÓN
campo de control 20230906205751.0
008 - DATOS DE LONGITUD FIJA--INFORMACIÓN GENERAL
campo de control de longitud fija 040712s1894 ve |||| | spa d
040 ## - FUENTE DE CATALOGACIÓN
Centro catalogador/agencia de origen CAM
Lengua de catalogación spa
Centro/agencia transcriptor CAM
100 1# - ENTRADA PRINCIPAL--NOMBRE DE PERSONA
Nombre de persona González, Ezequiel María.
9 (RLIN) 127461
245 10 - MENCIÓN DEL TÍTULO
Título Discurso del doctor Ezequiel María González leído en el Ateneo de Caracas en la sesión... del 24 de julio de 1894.
260 ## - PUBLICACIÓN, DISTRIBUCIÓN, ETC.
Lugar de publicación, distribución, etc. [Caracas] :
Nombre del editor, distribuidor, etc. [s.n.,
Fecha de publicación, distribución, etc. 1894?] (
Fabricante Imprenta Bolívar)
300 ## - DESCRIPCIÓN FÍSICA
Extensión 16 p. ;
Dimensiones 23 cm.
500 ## - NOTA GENERAL
Nota general Datos tomados de la cub.
594 ## - Nota al título y mención de responsabilidad
Nota al título y mención de responsabilidad Tema del discurso : Conmemoración de la declaración de independencia, 5 de julio 1811.
710 0# - ENTRADA AGREGADA--NOMBRE DE ENTIDAD CORPORATIVA
Nombre de entidad corporativa o nombre de jurisdicción como elemento de entrada Ateneo de Caracas.
9 (RLIN) 1860
852 ## - LOCALIZACIÓN
Ubicación ES-MaACL
Número de control de estantería T-871-F-12
Nota libre -- Enc. hol., conservando la cub. original
-- -- Enc. en un vol. facticio
Holdings
Estatus retirado Estado de pérdida Estado de daño No para préstamo Colección Biblioteca de origen Biblioteca actual Ubicación en estantería Fecha de adquisición Fuente de adquisición Total de préstamos Signatura topográfica completa Código de barras Visto por última vez Precio de reemplazo Tipo de ítem Koha
        Colección de folletos Biblioteca del Ateneo de Madrid Biblioteca del Ateneo de Madrid Depósito folletos 17/01/2008     T-871-F 1161612 23/02/2023 23/02/2023 Folleto